| 000 | 00906nas a2200277 4500 | ||
|---|---|---|---|
| 001 | BR2012001330 | ||
| 003 | BR-BrBNA | ||
| 005 | 20231205120307.0 | ||
| 007 | ta | ||
| 008 | 230509b bl.|||p| |||| 00| 00por d | ||
| 040 |
_aBR-BrBNA _bpor _cBiblioteca Nacional de Agricultura |
||
| 041 | _a(Pt) | ||
| 072 | _aP36; P40; U10 | ||
| 100 | 1 | _aEltz, F.L.F. | |
| 100 | 1 | _aCassol, E.A. | |
| 100 | 1 | _aPascotini, P.B. | |
| 245 | 1 | _aPotencial erosivo e características das chuvas de Encruzilhada do Sul, RS | |
| 650 | _aPLUVIOMETRIA | ||
| 650 | _aEROSÃO HÍDRICA | ||
| 650 | _aENXURRADA | ||
| 650 | _aANÁLISE ESTATÍSTICA | ||
| 773 | 0 |
_tRevista Brasileira de Engenharia Agrícola e Ambiental (Brazil) _xISSN 1807-1929 _g(Apr 2011), v.15(4) p. 331-337 _wBR2012001330 |
|
| 856 | 4 | 0 | _uhttp://www.scielo.br/pdf/rbeaa/v15n4/v15n04a01.pdf |
| 909 |
_a202311 _bLúcia _c55 _dLúcia Elande |
||
| 942 |
_2AGRIS _n0 _cANA |
||
| 999 |
_c217788 _d217788 |
||